|
|
|
|
| LEADER |
00000cam a2200000 7i4500 |
| 001 |
0000006651 |
| 005 |
20220105104024.0 |
| 008 |
070817 |
| 020 |
|
|
|a 983055578X (set)
|
| 020 |
|
|
|a 9830555879
|
| 090 |
0 |
0 |
|a JP
|b MOR MAL (6836)
|
| 100 |
0 |
|
|a Dila Zunarti Md.Jahaya
|
| 245 |
1 |
0 |
|a Sahabat sejati
|c Dila Zunarti Md.Jahaya
|
| 260 |
|
|
|a Selangor :
|b Penerbit Pinang Sdn Bhd ,
|c 2005
|
| 440 |
|
0 |
|a Siri moral kanak-kanak
|
| 500 |
|
|
|a Children age 4-6 years old (yellow)
|
| 650 |
|
0 |
|a Children's stories, Malay
|
| 650 |
|
0 |
|a Fables, fiction
|
| 710 |
0 |
|
|a Title
|
| 999 |
|
|
|a 0000986151
|b Book
|c Children Collection
|e Perbadanan Perpustakaan Awam Johor
|
| 999 |
|
|
|a 0000986152
|b Book
|c Children Collection
|e Perbadanan Perpustakaan Awam Johor
|
| 999 |
|
|
|a 0000986153
|b Book
|c Children Collection
|e Perbadanan Perpustakaan Awam Johor
|
| 999 |
|
|
|a 0000986154
|b Book
|c Children Collection
|e Perbadanan Perpustakaan Awam Johor
|
| 999 |
|
|
|a 0000986155
|b Book
|c Children Collection
|e Perbadanan Perpustakaan Awam Johor
|
| 999 |
|
|
|a 000904573
|b Book
|c Children Collection
|e Cawangan Bandar Tenggara
|